Ont-ils déjà joué avec... Harrison Ford ? - Statistiques

Statistiques générales
  • Ce quiz a été pris 25 fois
  • Le résultat moyen est 2 sur 10
Answers on the Grid
Answers color-coded by a green-red scale on the quiz's grid according to % correct below.
Roger Moore
Hugh Laurie
Dakota Johnson
Zendaya
Christian Bale
Omar Sy
Blake Lively
David Bowie
Bradley Cooper
Ben Affleck
Uma Thurman
Brie Larson
Sigourney Weaver
Danny Trejo
Brad Pitt
River Phoenix
Chadwick Boseman
Emmanuelle Seigner
Will Ferrell
Kristin Scott Thomas
 
Statistiques - réponses
Réponse % Correct
Brad Pitt
61%
River Phoenix
39%
Sigourney Weaver
33%
Blake Lively
22%
Emmanuelle Seigner
22%
Omar Sy
22%
Kristin Scott Thomas
17%
Danny Trejo
11%
Will Ferrell
6%
Chadwick Boseman
0%
Aucun quiz correspondant
Distribution des résultats
% des personnes avec chaque résultat
Percentile par nombre de réponses
Votre historique - résultats
Vous n’avez pas pris ce quiz